| 000 | 01334nam a22002177a 4500 | ||
|---|---|---|---|
| 999 |
_c62895 _d62895 |
||
| 003 | Ge_BSU | ||
| 005 | 20250317124018.0 | ||
| 008 | 250317s1998 ge ||||| |||| 00| 0 geo d | ||
| 020 | _a9992852178 | ||
| 041 | _ageo | ||
| 080 | _a616.1/4(075.8) შ-66 | ||
| 245 |
_aშინაგანი სნეულებები : _b[სახელმძღვ. სამედ. უნ-ტისა და სამედ. ინ-ტების სტუდ. / _cავტ.: ნ. ტატიშვილი, გ. სიმონია, ი. ანდრონიკაშვილი და სხვ.]; მთ. რედ.: ნ. ტატიშვილი, რედ.: გ. სიმონია; საქ. ჯანმრთ. დაცვის სამინ., თბილ. სახელმწ. სამედ. უნ-ტი. |
||
| 250 | _a[I-ლი გამოც.]. | ||
| 264 |
_aთბ. : _bბაკურ სულაკაურის გამ-ბა, _c1998. |
||
| 300 |
_a783 გვ. ; _b28 სმ. |
||
| 653 | _aშინაგანი დაავადებები | ||
| 653 | _aმედიცინა | ||
| 700 |
_aტატიშვილი, ნუგზარ _eავტორი _93227 |
||
| 700 |
_aსიმონია, გ., _eრედაქტორი _93229 |
||
| 942 |
_2udc _cᲬᲘᲒᲜᲘ |
||